GERAKAN PROTES : (Record no. 143482)
[ view plain ]
| 000 -LEADER | |
|---|---|
| fixed length control field | 01075nam a2200325 i 4500 |
| 001 - CONTROL NUMBER | |
| control field | C2-0222013 |
| 003 - CONTROL NUMBER IDENTIFIER | |
| control field | PPAK |
| 005 - DATE AND TIME OF LATEST TRANSACTION | |
| control field | 20250430122629.0 |
| 008 - FIXED-LENGTH DATA ELEMENTS--GENERAL INFORMATION | |
| fixed length control field | 991207s1999 my g b | 1 may d |
| 020 ## - INTERNATIONAL STANDARD BOOK NUMBER | |
| International Standard Book Number | 9676110051 |
| -- | 9789676110053 |
| Qualifying information | paperback |
| 040 ## - CATALOGING SOURCE | |
| Original cataloging agency | PPAK |
| Language of cataloging | eng |
| Transcribing agency | PPAK |
| Description conventions | rda |
| 082 04 - DEWEY DECIMAL CLASSIFICATION NUMBER | |
| Edition number | 23 |
| Classification number | 959.5 |
| 090 00 - LOCALLY ASSIGNED LC-TYPE CALL NUMBER (OCLC); LOCAL CALL NUMBER (RLIN) | |
| Classification number (OCLC) (R) ; Classification number, CALL (RLIN) (NR) | 959.5 |
| Feature heading | MOH |
| Feature heading | G |
| Classification number (OCLC) (R) ; Classification number, CALL (RLIN) (NR) | 959.5 |
| Feature heading | MOH |
| Feature heading | KK |
| Classification number (OCLC) (R) ; Classification number, CALL (RLIN) (NR) | 959.5 |
| Feature heading | MOH |
| Feature heading | KMI |
| 100 0# - MAIN ENTRY--PERSONAL NAME | |
| Personal name | Mohamad Isa Othman, |
| Relator term | author. |
| 245 10 - TITLE STATEMENT | |
| Title | GERAKAN PROTES : |
| Linkage | DALAM PERSPEKTIF SEJARAH MALAYSIA PADA ABAD KE-19 DAN AWAL ABAD KE-20 / |
| Statement of responsibility, etc. | MOHD ISA OTHMAN |
| 264 #1 - PRODUCTION, PUBLICATION, DISTRIBUTION, MANUFACTURE, AND COPYRIGHT NOTICE | |
| Place of production, publication, distribution, manufacture | Kuala Lumpur : |
| Name of producer, publisher, distributor, manufacturer | Utusan Publications & Distributors Sdn. Bhd., |
| Date of production, publication, distribution, manufacture, or copyright notice | 1999 |
| 300 ## - PHYSICAL DESCRIPTION | |
| Extent | 251 pages ; |
| Dimensions | 25 cm |
| 336 ## - CONTENT TYPE | |
| Source | rdacontent |
| Content type term | text |
| 337 ## - MEDIA TYPE | |
| Source | rdamedia |
| Media type term | unmediated |
| 338 ## - CARRIER TYPE | |
| Source | rdacarrier |
| Carrier type term | volume |
| 490 1# - SERIES STATEMENT | |
| Series statement | Siri pendidikan jarak jauh |
| 500 ## - GENERAL NOTE | |
| General note | Includes index |
| 504 ## - BIBLIOGRAPHY, ETC. NOTE | |
| Bibliography, etc. note | Bibliography: page 230-251 |
| 650 10 - SUBJECT ADDED ENTRY--TOPICAL TERM | |
| Topical term or geographic name entry element | Protest movement |
| Geographic subdivision | Malaysia |
| General subdivision | History |
| 651 #0 - SUBJECT ADDED ENTRY--GEOGRAPHIC NAME | |
| Geographic name | Malaysia |
| General subdivision | History |
| 830 #0 - SERIES ADDED ENTRY--UNIFORM TITLE | |
| Uniform title | Siri pendidikan jarak jauh |
| 942 ## - ADDED ENTRY ELEMENTS (KOHA) | |
| Koha item type | Book |
| Source of classification or shelving scheme | Dewey Decimal Classification |
| Withdrawn | Not for loan | Current library | Shelving location | Date acquired | Total Checkouts | Total Renewals | Full call number | Barcode | Date last seen | Date last checked out | Koha item type |
|---|---|---|---|---|---|---|---|---|---|---|---|
| Not For Loan | Perpustakaan Alor Setar | Koleksi Prof. Dr. Muhammad Isa Othman | 25/05/2011 | KMI 959.5 MOH | A00383091 | 31/05/2018 | Book | ||||
| Not For Loan | Perpustakaan Alor Setar | Koleksi Kedah | 07/12/1999 | KK 959.5 MOH | A00155358 | 31/05/2018 | Book | ||||
| Not For Loan | Perpustakaan Alor Setar | Koleksi Kedah | 09/02/2000 | KK 959.5 MOH | A00155503 | 31/05/2018 | Book | ||||
| Perpustakaan Alor Setar | Pinjaman Dewasa | 04/05/2025 | 1 | 959.5 MOH | A00748782 | 19/07/2025 | 16/07/2025 | Book | |||
| Perpustakaan Awam Sungai Petani | Pinjaman Dewasa | 17/10/2000 | 7 | 1 | 959.5 MOH | A00911823 | 02/07/2022 | 09/04/2022 | Book | ||
| Perpustakaan Awam Sungai Petani | Pinjaman Dewasa | 17/10/2000 | 959.5 MOH | A00911822 | 31/05/2018 | Book | |||||
| Perpustakaan Bandar Baharu | Pinjaman Dewasa | 17/10/2000 | 1 | 959.5 MOH | A00911830 | 20/03/2023 | 05/03/2023 | Book | |||
| Perpustakaan Bandar Baharu | Pinjaman Dewasa | 17/10/2000 | 959.5 MOH | A00911831 | 31/05/2018 | Book | |||||
| Perpustakaan Jitra | Pinjaman Dewasa | 26/04/2021 | 4 | 1 | 959.5 MOH | A00911825 | 06/08/2024 | 17/07/2024 | Book | ||
| Perpustakaan Kulim | Pinjaman Dewasa | 17/10/2000 | 2 | 959.5 MOH | A00911826 | 19/04/2026 | 05/04/2026 | Book | |||
| Perpustakaan Kulim | Pinjaman Dewasa | 17/10/2000 | 5 | 3 | 959.5 MOH | A00911827 | 08/02/2023 | 02/01/2023 | Book | ||
| Not For Loan | Perpustakaan Merbok | Koleksi Kedah | 09/02/2000 | KK 959.5 MOH | A00155504 | 31/05/2018 | Book | ||||
| Perpustakaan Yan | Pinjaman Dewasa | 17/10/2000 | 2 | 959.5 MOH | A00911828 | 16/02/2025 | 05/02/2025 | Book | |||
| Perpustakaan Yan | Pinjaman Dewasa | 17/10/2000 | 959.5 MOH | A00911829 | 31/05/2018 | Book |